000 00987nam a22002657a 4500
001 BINCO
003 CO-MdBIC
005 20220426213008.0
008 220426b2002 ck a|||| |||| 00| 0 spa d
020 _a9789583009037
040 _a CO-MdBIC
_bspa.
_cCO-MdBIC
_d CO-MdBIC
041 _aspa
082 _222
_a863
_bR816
100 _aRosero, Diago Evelio
_d1958
245 _aLa pulga fiel
_c/Rosero, Diago Evelio, escritor
_f1958
250 _aPrimera edición
260 1 _aBogotá, Colombia:
_bPanamericana,
_c[2002]
260 4 _a© 2002
300 _a32 paginas;
_bilustraciones a color:
_c23 cm.
490 _aOA infantil
500 _aTodos los viajeros coinciden en señalar que aquella pulga era como una buena amiga fiel, que a ratos entonaba cancioncillas, y que sólo cuando cantaba se acomodaba dentro de la oreja del hombre, para compartir su música.
650 7 _9100
_aEducación infantil
700 _aGonzález Torres, Henry ‎
_eilustrador
942 _cLGB
999 _c67814
_d67814